000 00730nam a2200205 i 4500
001 39204
003 ES-MaACL
005 20240219222656.0
008 030227m19181920sp |||| | spa d
080 _a338.47(460):656.2
110 1 _aEspaña.
_bMinisterio de Fomento.
_93868
245 1 0 _aElementos para el estudio del problema ferroviario en España /
_crecopilados bajo la dirección de Francesc Cambó.
260 _aMadrid :
_b[s.n.,
_c1918-1920] (
_fArtes Gráf. "Matev")
300 _a5 v. ;
_c34 cm.
650 4 _aTransportes ferroviarios-
_zEspaña.
_9149654
650 4 _aFerrocarriles-
_zEspaña.
_912761
700 1 _aCambó, Francesc,
_d1876-1947
_934032
852 4 _aES-MaACL
_jB-9444-48
999 _c39204
_d39204